<?xml version="1.0" encoding="UTF-8"?>
<record
    xmlns:xsi="http://www.w3.org/2001/XMLSchema-instance"
    xsi:schemaLocation="http://www.loc.gov/MARC21/slim http://www.loc.gov/standards/marcxml/schema/MARC21slim.xsd"
    xmlns="http://www.loc.gov/MARC21/slim">

  <leader>01697nam a22002537a 4500</leader>
  <datafield tag="999" ind1=" " ind2=" ">
    <subfield code="c">60455</subfield>
    <subfield code="d">60455</subfield>
  </datafield>
  <controlfield tag="003">Ge_BSU</controlfield>
  <controlfield tag="005">20230724122746.0</controlfield>
  <controlfield tag="008">230721s2021ge  xxu||||| |||| 00| 0 geo d</controlfield>
  <datafield tag="020" ind1=" " ind2=" ">
    <subfield code="a">9789941330407</subfield>
  </datafield>
  <datafield tag="041" ind1=" " ind2=" ">
    <subfield code="a">ger</subfield>
  </datafield>
  <datafield tag="080" ind1=" " ind2=" ">
    <subfield code="a">821.353.1+821.112.1&#x10E0;-25</subfield>
  </datafield>
  <datafield tag="245" ind1=" " ind2=" ">
    <subfield code="a">&#x10E0;&#x10D0;&#x10E1;&#x10D0;&#x10EA; &#x10E1;&#x10D8;&#x10E2;&#x10E7;&#x10D5;&#x10D4;&#x10D1;&#x10D8; &#x10D2;&#x10D0;&#x10DB;&#x10DD;&#x10D8;&#x10EE;&#x10DB;&#x10DD;&#x10D1;&#x10D4;&#x10DC;</subfield>
    <subfield code="b">&#x10DB;&#x10D0;&#x10E0;&#x10D2;&#x10D1;&#x10E3;&#x10E0;&#x10D2;&#x10D4;&#x10DA;&#x10D8; &#x10D0;&#x10D5;&#x10E2;&#x10DD;&#x10E0;&#x10D4;&#x10D1;&#x10D8; = Was Worte heraufrufen... : Marburger Authoren und Autorinnen/</subfield>
    <subfield code="c">&#x10E8;&#x10D4;&#x10D0;&#x10D3;&#x10D2;&#x10D8;&#x10DC;&#x10D0; &#x10DA;&#x10E3;&#x10D3;&#x10D5;&#x10D8;&#x10D2; &#x10DA;&#x10D4;&#x10D2;&#x10D4;&#x10DB; ; &#x10E5;&#x10D0;&#x10E0;&#x10D7;&#x10E3;&#x10DA;&#x10D0;&#x10D3; &#x10D7;&#x10D0;&#x10E0;&#x10D2;&#x10DB;&#x10DC;&#x10D0; &#x10D3;&#x10D0;&#x10D7;&#x10DD; &#x10D1;&#x10D0;&#x10E0;&#x10D1;&#x10D0;&#x10E5;&#x10D0;&#x10EB;&#x10D4;&#x10DB;.</subfield>
  </datafield>
  <datafield tag="250" ind1=" " ind2=" ">
    <subfield code="a">&#x10DE;&#x10D8;&#x10E0;&#x10D5;&#x10D4;&#x10DA;&#x10D8; &#x10D2;&#x10D0;&#x10DB;&#x10DD;&#x10EA;&#x10D4;&#x10DB;&#x10D0;</subfield>
  </datafield>
  <datafield tag="264" ind1=" " ind2=" ">
    <subfield code="a">&#x10D7;&#x10D1;&#x10D8;&#x10DA;&#x10D8;&#x10E1;&#x10D8; : </subfield>
    <subfield code="b"> &#x10E3;&#x10DC;&#x10D8;&#x10D5;&#x10D4;&#x10E0;&#x10E1;&#x10D0;&#x10DA;&#x10D8;,</subfield>
    <subfield code="c">2021.</subfield>
  </datafield>
  <datafield tag="300" ind1=" " ind2=" ">
    <subfield code="a">114 &#x10D2;&#x10D5;. ;</subfield>
    <subfield code="b">21 &#x10E1;&#x10DB;.</subfield>
  </datafield>
  <datafield tag="500" ind1=" " ind2=" ">
    <subfield code="a">&#x10D7;&#x10D0;&#x10E0;&#x10D2;&#x10DB;&#x10D0;&#x10DC;&#x10D4;&#x10D1;&#x10D8; &#x10E8;&#x10D4;&#x10E1;&#x10E0;&#x10E3;&#x10DA;&#x10D3;&#x10D0; Neue literarische Marburg-&#x10E8;&#x10D8; &#x10DB;&#x10EC;&#x10D4;&#x10E0;&#x10DA;&#x10D8;&#x10E1;/&#x10DB;&#x10D7;&#x10D0;&#x10E0;&#x10D2;&#x10DB;&#x10DC;&#x10D4;&#x10DA;&#x10D8;&#x10E1; &#x10E0;&#x10D4;&#x10D6;&#x10D8;&#x10D3;&#x10D4;&#x10DC;&#x10E2;&#x10E3;&#x10E0;&#x10D8;&#x10E1; &#x10DE;&#x10E0;&#x10DD;&#x10D2;&#x10E0;&#x10D0;&#x10DB;&#x10D8;&#x10E1; &#x10E4;&#x10D0;&#x10E0;&#x10D2;&#x10DA;&#x10D4;&#x10D1;&#x10E8;&#x10D8;.</subfield>
  </datafield>
  <datafield tag="501" ind1=" " ind2=" ">
    <subfield code="a">&#x10E7;&#x10D3;&#x10D0;&#x10D6;&#x10D4;: &#x10DD;&#x10E2;&#x10DD; &#x10D4;&#x10DB;&#x10D1;&#x10D4;&#x10DA;&#x10DD;&#x10D3;&#x10D4;, &#x10DB;&#x10D0;&#x10E0;&#x10D1;&#x10E3;&#x10E0;&#x10D2;&#x10D8; &#x10D6;&#x10D0;&#x10DB;&#x10D7;&#x10D0;&#x10E0;&#x10E8;&#x10D8;, 1919. &#x10D2;&#x10D0;&#x10E0;&#x10D4;&#x10D9;&#x10D0;&#x10DC;&#x10D8;,</subfield>
  </datafield>
  <datafield tag="546" ind1=" " ind2=" ">
    <subfield code="a">&#x10D7;&#x10D0;&#x10D5;&#x10E4;&#x10E3;&#x10E0;&#x10EA;&#x10D4;&#x10DA;&#x10D8; &#x10D3;&#x10D0; &#x10E2;&#x10D4;&#x10E5;&#x10E1;&#x10E2;&#x10D8; &#x10E5;&#x10D0;&#x10E0;&#x10D7;&#x10E3;&#x10DA; &#x10D3;&#x10D0; &#x10D2;&#x10D4;&#x10E0;&#x10DB;&#x10D0;&#x10DC;&#x10E3;&#x10DA; &#x10D4;&#x10DC;&#x10D4;&#x10D1;&#x10D6;&#x10D4;</subfield>
  </datafield>
  <datafield tag="653" ind1=" " ind2=" ">
    <subfield code="a">&#x10E0;&#x10D0;&#x10E1;&#x10D0;&#x10EA; &#x10E1;&#x10D8;&#x10E2;&#x10E7;&#x10D5;&#x10D4;&#x10D1;&#x10D8; &#x10D2;&#x10D0;&#x10DB;&#x10DD;&#x10D8;&#x10EE;&#x10DB;&#x10DD;&#x10D1;&#x10D4;&#x10DC;</subfield>
  </datafield>
  <datafield tag="700" ind1=" " ind2=" ">
    <subfield code="a">&#x10DA;&#x10D4;&#x10D2;&#x10D4;, &#x10DA;&#x10E3;&#x10D3;&#x10D5;&#x10D8;&#x10D2;,</subfield>
    <subfield code="9">19489</subfield>
    <subfield code="d">&#x10E8;&#x10D4;&#x10DB;&#x10D3;&#x10D2;&#x10D4;&#x10DC;&#x10D4;&#x10DA;&#x10D8;</subfield>
  </datafield>
  <datafield tag="700" ind1=" " ind2=" ">
    <subfield code="e">&#x10D1;&#x10D0;&#x10E0;&#x10D1;&#x10D0;&#x10E5;&#x10D0;&#x10EB;&#x10D4;, &#x10D3;&#x10D0;&#x10D7;&#x10DD;</subfield>
    <subfield code="4">&#x10DB;&#x10D7;&#x10D0;&#x10E0;&#x10D2;&#x10DB;&#x10DC;&#x10D4;&#x10DA;&#x10D8;</subfield>
    <subfield code="9">19490</subfield>
  </datafield>
  <datafield tag="773" ind1=" " ind2=" ">
    <subfield code="t">&#x10DC;&#x10D0;&#x10E9;&#x10E3;&#x10E5;&#x10D0;&#x10E0;&#x10D8;</subfield>
  </datafield>
  <datafield tag="942" ind1=" " ind2=" ">
    <subfield code="2">udc</subfield>
    <subfield code="c">BK</subfield>
  </datafield>
  <datafield tag="952" ind1=" " ind2=" ">
    <subfield code="0">0</subfield>
    <subfield code="1">0</subfield>
    <subfield code="2">udc</subfield>
    <subfield code="4">0</subfield>
    <subfield code="6">82135318211121&#x10E0;25</subfield>
    <subfield code="7">0</subfield>
    <subfield code="9">95526</subfield>
    <subfield code="a">CPL</subfield>
    <subfield code="b">CPL</subfield>
    <subfield code="c">GEN</subfield>
    <subfield code="d">2023-07-21</subfield>
    <subfield code="g">5.00</subfield>
    <subfield code="o">821.353.1+821.112.1&#x10E0;-25</subfield>
    <subfield code="p">65018</subfield>
    <subfield code="r">2023-07-21</subfield>
    <subfield code="t">65018</subfield>
    <subfield code="w">2023-07-21</subfield>
    <subfield code="y">BK</subfield>
    <subfield code="z">5.00</subfield>
  </datafield>
</record>
